000 00273nam a22001217a 4500
020 _a81-8023-38-4
082 _a823
_bBOO/A
100 _aBOOK PARADISE
245 _aALICE IN WODERLAND
260 _aDELHI
_bBOOK PARADISE
650 _aENGLISH SHORT STORY
_zDELHI
942 _cBK
999 _c4694
_d4694